000 00894cam a2200193 i 4500
005 20251110105817.0
008 250721s2023 jo gr 000 0 ara d
020 _a9789779921815
082 1 4 _a158
_b ن ج ا
100 1 _aالنجار، وفاء
_eمؤلف.
245 1 0 _a27 روشتة للسعادة والحياة :
_bمن اجل حياة مليئة بالسعادة والحب /
_cوفاء النجار.
250 _aالطبعة الاولى.
264 3 1 _aالقاهرة :
_bعصير الكتب،
_c2023.
300 _a239 صفحة.
650 1 7 _aالسعادة.
650 1 7 _aالحب.
942 _2ddc
_cBK
999 _c146037
_d146037